| 000 | 00754nam a2200229 u 4500 | ||
|---|---|---|---|
| 005 | 20240803063811.0 | ||
| 008 | 120626s2003 r 000 0 eng d | ||
| 020 | _a8431672528 | ||
| 035 | _aUPN01000185483 | ||
| 049 | _aCG | ||
| 050 | 4 |
_aPQ6324 _bA2a 2003 |
|
| 100 | 1 |
_aCervantes Saavedra, Miguel de, _d1547-1616 |
|
| 245 | 1 | 0 |
_aNovelas ejemplares / _cMiguel de Cervantes Saavedra ; introd. y estudio de la obra Antonio Rey Hazas ; il. Jesús Gabán. |
| 260 |
_aMadrid : _bVinces Vives, _c2003. |
||
| 300 |
_a246, 24 p : _bil. |
||
| 440 | 0 |
_aClásicos hispánicos ; _v19 |
|
| 650 | 4 |
_aNovela española _910814 |
|
| 650 | 4 |
_aLiteratura española _yÉpoca clásica, 1500-1700 _913879 |
|
| 905 | _aLibro | ||
| 999 |
_c157586 _d157586 |
||